00000000nam##2200000za#4500
0019.588855
003CaOODSP
00520210624195345
007cr |||||||||||
008150406|1987||||xxc|||||o    f|0| 0 eng|d
040 |aCaOODSP|beng
041 |aeng
041 |afre
043 |an-cn---
0861 |aCS99-124/1987-PDF
24500|aProvincial census tracts, Ontario |h[electronic resource]
2461 |iSeries title also given on publication as : |aGeographic reference - enumeration area reference lists
260 |aOttawa - Ontario : |bStatistics Canada |c1987.
4901 |aGeographic reference |v99-124
500 |aHistorical census publication digitized by Statistics Canada.
590 |a13-07-Supp|b2013-03-25
69007|aCensus|2gcpds
7102 |aStatistics Canada.
792 |tSecteurs de recensement provinciaux, Ontario |efre|w(CaOODSP)9.588856
830#0|aGeographic reference ;|v99-124|w(CaOODSP)9.500699
85640|ahttp://publications.gc.ca|qPDF|s3.3 MB|uhttps://publications.gc.ca/collections/collection_2013/statcan/rh-hc/CS99-124-1987.pdf|y99-124